000 00980nam a2200229 i 4500
001 170663
003 ES-MaACL
005 20250823063125.0
008 090327s1952 sp |||| | spa d
100 0 _aLuis de Granada,
_c(O.P.),
_d1504-1588
_974687
245 1 0 _aObra selecta :
_blos textos capitales del Padre Granada seleccionados por el orden mismo de la Suma Teológica de Santo Tomás de Aquino /
_cpor Antonio Trancho ; introducción de Desiderio Díez de Triana ; prólogo de Francisco Barbado Viejo.
250 _a1ª ed., reimp.
260 _aMadrid :
_bEditorial Católica,
_c1952.
300 _a1162 p. ;
_c20 cm.
490 1 _aBiblioteca de autores cristianos ;
_v20
700 1 _aTrancho, Antonio.
_9139679
700 1 _aDíez de Triana, Desiderio.
_9139677
700 1 _aBarbado Viejo, Francisco,
_cObispo de Salamanca.
_9139678
830 1 0 _aBiblioteca de autores cristianos
_v20
_9178679
852 _aES-MaACL
_jJ-21
999 _c170663
_d170663